000 00772nam a22002651a 4500
003 AR-BaBN
005 20250623163740.0
007 ta
008 050721s1980 ag |||||||||||||| ||spa
015 _aAR-1980
040 _aAR-BaBN
_bspa
_cAR-BaBN
_eaacr
044 _aag
_car-c
080 _a 616.89
100 1 _aSoifer, Raquel
_eautora
_4aut
245 1 0 _aPsicodinamismos de la familia con niños :
_bterapia familiar con técnica de juego.
250 _a1a ed.
260 _aBuenos Aires :
_bKapelusz,
_c1980.
300 _a197 p.
650 _aPSICODINAMISMO
650 _aPSICOLOGIA
_9108
930 1 _lBNA01
_mLIBRO
_600167002
_820110912
_f11
_n000
_o001035563
942 _2cdu
_cBK
956 _aGSL
_b00
_c20110916
_lBNA01
_h0245
956 _aGSL
_c20130614
_lBNA01
_h2345
999 _c6044
_d6044